000 00698nam a2200181 u 4500
001 000003235
005 20200929150353.0
008 090707s1996 dr c 000 0 spa d
040 _aDO-SdBNP
_bspa
_cBNPHU
082 _a342.0297293
_bC818n
100 1 _aCornielle, Carlos
_910204
245 1 4 _aPor una nueva constitución de la República Dominicana :
_bproceso Histórico y doctrinario /
_cCarlos Cornielle.
260 _aSanto Domingo :
_bCorripio,
_c1996.
300 _a464 p. :
_bretr. ;
_c24 cm.
500 _aIncluye referencias bibliográficas y notas al pie de páginas
651 4 _aRepública Dominicana
_xConstitución
_91008
651 4 _aRepública Dominicana
_xHistoria Constitucional
_96486
999 _c3066
_d3066